Geography Quiz

Random Geography or Flags Quiz

What Is on That Flag? Quiz Stats

Quiz Updated Aug 30, 2016

Challenge
Share
Tweet
Score 0/20 Timer 06:00
1 Play Today
% Correct
B. The Star of David (Israel)
94.1%
B. The immortal cedar (Lebanon)
77.4%
C. The keys to heaven (Vatican City)
77.4%
B. Cog and machete (Angola)
72.7%
A. Druk the Thunder Dragon (Bhutan)
69.6%
A. Laurel and a quetzal (Guatemala)
67.7%
C. The sky over Rio in 1889 (Brazil)
66.5%
C. The Wheel of Law (India)
58.3%
C. A Bosotho hat (Lesotho)
56.9%
A. The unique Sisserou parrot (Dominica)
52.5%
% Correct
A. The sun and a yurt roof (Kyrgyzstan)
50.3%
C. A golden frigatebird (Kiribati)
49.7%
B. A Raggiana bird of paradise (Papua New Guinea)
49.4%
B. A Maasai shield and spears (Kenya)
48.4%
C. A rising sun and steppe eagle (Kazakhstan)
44.7%
C. A grey-crowned crane (Uganda)
35.5%
C. A clove of nutmeg (Grenada)
34.3%
C. A soapstone bird (Zimbabwe)
24.7%
B. A crescent and parasol (Brunei)
21.3%
A. A boar's tusk (Vanuatu)
17%

You're not logged in!

Compare scores with friends on all Sporcle quizzes.
Sign Up with Email
OR
Log In

You Might Also Like...

Show Comments

Extras

Top Quizzes Today


Score Distribution

Your Account Isn't Verified!

In order to create a playlist on Sporcle, you need to verify the email address you used during registration. Go to your Sporcle Settings to finish the process.